[Event "4th Stage Russian Cup"]
[Site "Samara RUS"]
[Date "2002.08.01"]
[Round "7"]
[White "Tunik,G"]
[Black "Geller,J"]
[Result "1-0"]
[WhiteElo "2505"]
[BlackElo "2406"]
[EventDate "2002.07.26"]

1. d4 d5 2. c4 e6 3. Nc3 c6 4. e3 Nf6 5. Nf3 Nbd7 6. Bd3 dxc4 7. Bxc4 b5 8.
Bd3 a6 9. a4 Bb7 10. O-O b4 11. Ne4 c5 12. Nxf6+ Nxf6 13. dxc5 Bxc5 14. Qe2
O-O 15. e4 h6 16. Bf4 Qe7 17. Rfc1 Rfd8 18. e5 Nd7 19. Nd2 Nb6 20. a5 Nd5
21. Bg3 b3 22. Nxb3 Bb4 23. Rc4 f5 24. exf6 Nxf6 25. Rc7 Rd7 26. Rac1 Rad8
27. Rxd7 Qxd7 28. Bc4 Bd5 29. h3 Ne4 30. Be5 Rf8 31. f3 Ng5 32. f4 Ne4 33.
Bxd5 Qxd5 34. Qc4 Bd6 35. Qxd5 exd5 36. Rc6 Bxe5 37. fxe5 Rb8 38. Rb6 Rf8
39. e6 Rf2 40. Nc5 Re2 41. Nxe4 Rxe4 42. Rxa6 Kf8 43. Rb6 d4 44. a6 Ke7 45.
Rb3 Rxe6 46. a7 1-0

[Event "4th Stage Russian Cup"]
[Site "Samara RUS"]
[Date "2002.08.01"]
[Round "7"]
[White "Yevseev,D"]
[Black "Alavkin,A"]
[Result "1-0"]
[WhiteElo "2546"]
[BlackElo "2498"]
[EventDate "2002.07.26"]

1. d4 d5 2. c4 c6 3. Nc3 Nf6 4. e3 a6 5. Qc2 b5 6. b3 Bg4 7. Nge2 Nbd7 8.
h3 Bh5 9. Nf4 Bg6 10. Nxg6 hxg6 11. Bb2 e6 12. Bd3 Be7 13. c5 e5 14. O-O-O
Qc7 15. Kb1 e4 16. Be2 Nf8 17. h4 Qd7 18. f3 Qe6 19. fxe4 dxe4 20. g4 Nd5
21. Nxd5 Qxd5 22. g5 f5 23. gxf6 gxf6 24. Rdf1 f5 25. h5 g5 26. Bd1 a5 27.
Qf2 Ne6 28. Qxf5 Kd7 29. Bc2 Qxf5 30. Rxf5 Ng7 31. Rf7 Rxh5 32. Rd1 1-0

[Event "4th Stage Russian Cup"]
[Site "Samara RUS"]
[Date "2002.08.01"]
[Round "7"]
[White "Vaulin,A"]
[Black "Obukhov,A"]
[Result "1-0"]
[WhiteElo "2544"]
[BlackElo "2444"]
[EventDate "2002.07.26"]

1. Nf3 f5 2. g3 Nf6 3. Bg2 d6 4. d4 e6 5. c4 Be7 6. Nc3 O-O 7. O-O a5 8. b3
Na6 9. Bb2 Qe8 10. a3 Rb8 11. e3 c6 12. Rc1 b5 13. Ba1 b4 14. axb4 Nxb4 15.
Qe2 Qh5 16. e4 fxe4 17. Nxe4 Nxe4 18. Qxe4 Qf5 19. Qe3 Nc2 20. Qc3 Nxa1 21.
Rxa1 c5 22. Qxa5 Rxb3 23. Qc7 Qf7 24. dxc5 Rxf3 25. cxd6 Bxd6 26. Qxd6 Rxf2
27. Qxf8+ Qxf8 28. Rxf2 Qc5 29. Ra8 Qc7 30. c5 h5 31. Be4 g5 32. c6 Kg7 33.
Kg2 Qe5 34. Ra7+ 1-0

[Event "4th Stage Russian Cup"]
[Site "Samara RUS"]
[Date "2002.08.01"]
[Round "7"]
[White "Smirnov,P"]
[Black "Arzumanian,G"]
[Result "1-0"]
[WhiteElo "2539"]
[BlackElo "2461"]
[EventDate "2002.07.26"]

1. e4 c5 2. Nf3 Nc6 3. Bb5 e6 4. O-O Nge7 5. c3 a6 6. Ba4 b5 7. Bc2 Bb7 8.
Qe2 Qb6 9. Rd1 d5 10. e5 a5 11. a4 b4 12. d4 cxd4 13. cxd4 Ba6 14. Qe3 Rc8
15. Bd3 g6 16. Nbd2 Nf5 17. Bxf5 gxf5 18. Nf1 Rg8 19. Ng3 Rg6 20. Nh5 Be7
21. Bd2 b3 22. Rac1 Bc4 23. Bc3 Qa6 24. Nf4 Rg8 25. Nd2 Bg5 26. Nxc4 Qxc4
27. Bxa5 Qxa4 28. Ra1 Qb5 29. Bc3 Qc4 30. Qg3 Kd7 31. Nd3 Be7 32. Qe3 Ra8
33. Ne1 Ra2 34. Rac1 Rg4 35. Nf3 Ra8 36. Be1 Qa4 37. h3 Re4 38. Qd3 Bd8 39.
Bc3 Nb4 40. Bxb4 Qxb4 41. Rc5 Rb8 42. Ra1 Qb7 43. Nd2 Bb6 44. Nxb3 Ke7 45.
Rb5 Qc7 46. Rc1 Qa7 47. Nc5 Rh4 48. Kh2 Bxc5 49. Rbxc5 Rb7 50. Qg3 Rh5 51.
Qg7 1-0

[Event "4th Stage Russian Cup"]
[Site "Samara RUS"]
[Date "2002.08.01"]
[Round "7"]
[White "Kurnosov,I"]
[Black "Iljushin,A"]
[Result "0-1"]
[WhiteElo "2433"]
[BlackElo "2526"]
[EventDate "2002.07.26"]

1. e4 e6 2. d4 d5 3. Nd2 Nf6 4. e5 Nfd7 5. c3 c5 6. Bd3 Nc6 7. Ne2 cxd4 8.
cxd4 f6 9. Nf4 Nxd4 10. Qh5+ Ke7 11. exf6+ Nxf6 12. Ng6+ hxg6 13. Qxh8 Kf7
14. Qh4 e5 15. Nf3 Nxf3+ 16. gxf3 Bf5 17. Bxf5 gxf5 18. Bg5 Qa5+ 19. Kf1 g6
20. Bxf6 Qa6+ 21. Kg2 Qxf6 22. Qa4 Qc6 23. Qb3 Bc5 24. Rac1 b6 25. Rhe1 Kf6
26. Qe3 Qd6 27. Qh6 a5 28. Rg1 Qf8 29. Qh4+ g5 30. Qa4 Qe8 31. Qd1 Rd8 32.
Kh1 e4 33. Qd2 e3 34. fxe3 Qxe3 35. Qxe3 Bxe3 36. Rc6+ Ke5 37. Rd1 d4 38.
a4 Rd6 39. Rxd6 Kxd6 40. Kg2 Kc5 41. b3 Kb4 42. Rd3 Ka3 43. h3 Kb2 44. Kf1
Kc2 45. Ke2 f4 46. Rd1 Kxb3 47. Ra1 Kc3 48. Rd1 Kc4 49. Rb1 d3+ 50. Kd1 Bc5
51. Rc1+ Kd4 52. Kd2 Bb4+ 53. Kd1 Ke3 54. Rc6 Kxf3 55. Rg6 Ke4 56. Rxg5 f3
57. Rg4+ Ke3 58. Rg6 f2 59. Rf6 Bd6 0-1

[Event "4th Stage Russian Cup"]
[Site "Samara RUS"]
[Date "2002.08.01"]
[Round "7"]
[White "Nevostrujev,V"]
[Black "Loskutov,O"]
[Result "1/2-1/2"]
[WhiteElo "2502"]
[BlackElo "2406"]
[EventDate "2002.07.26"]

1. e4 c5 2. Nf3 d6 3. d4 cxd4 4. Nxd4 Nf6 5. Nc3 a6 6. Be2 e5 7. Nb3 Be7 8.
O-O O-O 9. Be3 Be6 10. Qd2 Nbd7 11. a4 Rc8 12. a5 Qc7 13. Rfd1 Rfd8 14. Qe1
Qc6 15. Bf3 Qc7 16. h3 h6 17. Kh2 Nc5 18. Nxc5 dxc5 19. Na4 Rxd1 20. Rxd1
Qc6 21. Nb6 Rd8 22. Rxd8+ Bxd8 23. Qc3 c4 24. g3 Bc7 25. Qb4 Bd6 26. Qa4
Qxa4 27. Nxa4 Bb4 28. Bb6 Bd7 29. Nc5 Bc6 30. Be2 Bxc5 31. Bxc5 Nxe4 32.
Bb4 Nxf2 33. Bxc4 Nd1 34. Be2 Ne3 35. c4 Nc2 36. Bc3 Nd4 37. Bd1 f6 38. Kg1
Bf3 39. Bxd4 Bxd1 40. Bc3 Bb3 41. c5 Kf7 42. Kf2 Ke6 43. Bb4 h5 44. h4 Kd5
45. Ke3 Kc4 46. c6 bxc6 47. Bf8 f5 48. Bxg7 Kd5 49. Bh8 c5 50. Bg7 Bd1 51.
Bh8 e4 52. Bg7 Kc4 53. Bc3 Bg4 54. Bf6 Kb4 55. Bc3+ Ka4 56. Kd2 c4 57. Ke3
1/2-1/2

[Event "4th Stage Russian Cup"]
[Site "Samara RUS"]
[Date "2002.08.01"]
[Round "7"]
[White "Kornev,Alexe"]
[Black "Lysyj,I"]
[Result "1-0"]
[WhiteElo "2567"]
[BlackElo "2382"]
[EventDate "2002.07.26"]

1. d4 e6 2. c4 c5 3. d5 exd5 4. cxd5 d6 5. Nc3 g6 6. e4 Bg7 7. Nge2 Nf6 8.
Ng3 O-O 9. Be2 b6 10. a4 Ba6 11. Bb5 Bxb5 12. axb5 Ne8 13. O-O Nc7 14. Qd3
Nd7 15. f4 Qc8 16. e5 dxe5 17. f5 Ne8 18. Nge4 Ndf6 19. fxg6 hxg6 20. Nxf6+
Nxf6 21. Bg5 c4 22. Qe2 Qc5+ 23. Be3 Qc7 24. Rad1 Ne8 25. d6 Nxd6 26. Nd5
Qb7 27. Qg4 Rfe8 28. Nf6+ Bxf6 29. Rxd6 1-0

[Event "4th Stage Russian Cup"]
[Site "Samara RUS"]
[Date "2002.08.01"]
[Round "7"]
[White "Kokarev,D"]
[Black "Popov,Val"]
[Result "0-1"]
[WhiteElo "2495"]
[BlackElo "2579"]
[EventDate "2002.07.26"]

1. e4 c5 2. Nf3 d6 3. d4 Nf6 4. Nc3 cxd4 5. Nxd4 a6 6. Bg5 e6 7. f4 Qb6 8.
Nb3 Nbd7 9. Qf3 Qc7 10. O-O-O b5 11. a3 h6 12. Bh4 Bb7 13. Bd3 Be7 14. Bf2
Rc8 15. Kb1 O-O 16. Qe2 e5 17. f5 d5 18. Nxd5 Nxd5 19. exd5 Bxd5 20. Rhe1
Rfd8 21. Bg3 f6 22. Be4 Bxe4 23. Qxe4 Nb6 24. Nd4 Qc4 25. Qb7 Rxd4 26. Rxd4
Qxc2+ 27. Ka1 Bxa3 0-1

[Event "4th Stage Russian Cup"]
[Site "Samara RUS"]
[Date "2002.08.01"]
[Round "7"]
[White "Yurtaev,L"]
[Black "Shinkevich,V"]
[Result "1-0"]
[WhiteElo "2552"]
[BlackElo "2487"]
[EventDate "2002.07.26"]

1. e4 e5 2. Nf3 Nc6 3. Bb5 a6 4. Ba4 Nf6 5. Nc3 b5 6. Bb3 Bc5 7. a4 Rb8 8.
axb5 axb5 9. Nd5 d6 10. c3 Nxd5 11. Bxd5 Ne7 12. Bb3 O-O 13. O-O Bb6 14. d4
exd4 15. Nxd4 Qd7 16. Bg5 Bb7 17. Re1 Ng6 18. Qh5 Rfe8 19. Bc2 Ne5 20. Rad1
b4 21. Nf5 f6 22. Be3 g6 23. Nh6+ Kg7 24. Qh4 Bc8 25. Bd4 bxc3 26. Bxc3 Qe7
27. h3 f5 28. Qf4 Qf6 29. exf5 g5 30. Qa4 Kxh6 31. Qxe8 Bxf5 32. Bxe5 dxe5
33. Qxb8 Bxc2 34. Rd2 Bg6 1-0

[Event "4th Stage Russian Cup"]
[Site "Samara RUS"]
[Date "2002.08.01"]
[Round "7"]
[White "Kruppa,Y"]
[Black "Grebionkin,Vl"]
[Result "1/2-1/2"]
[WhiteElo "2544"]
[BlackElo "2475"]
[EventDate "2002.07.26"]

1. d4 Nf6 2. c4 g6 3. Nc3 d5 4. Nf3 Bg7 5. Qb3 dxc4 6. Qxc4 O-O 7. e4 a6 8.
Qb3 b5 9. e5 Nfd7 10. Be2 Nb6 11. O-O Be6 12. Qd1 c6 13. b3 Nd5 14. Bd2
Nxc3 15. Bxc3 Bd5 1/2-1/2

[Event "4th Stage Russian Cup"]
[Site "Samara RUS"]
[Date "2002.08.01"]
[Round "7"]
[White "Fominyh,A"]
[Black "Nikitin,An"]
[Result "1/2-1/2"]
[WhiteElo "2530"]
[BlackElo "2471"]
[EventDate "2002.07.26"]

1. d4 d5 2. c4 e6 3. Nf3 Be7 4. g3 Nf6 5. Bg2 O-O 6. O-O dxc4 7. Qc2 a6 8.
Qxc4 b5 9. Qc2 Bb7 10. Bd2 Be4 11. Qc1 Bb7 12. Bf4 Bd6 13. Nbd2 Nbd7 14.
Nb3 Bd5 15. Rd1 Qb8 16. Ne5 Bxg2 17. Nxd7 Nxd7 18. Kxg2 Qb7+ 19. Kg1 a5 20.
Bd2 Qe4 21. Bxa5 Qxe2 22. Rd2 Qe4 23. Qc2 Qd5 24. a3 Nf6 25. Re1 Ra6
1/2-1/2

[Event "4th Stage Russian Cup"]
[Site "Samara RUS"]
[Date "2002.08.01"]
[Round "7"]
[White "Loginov,Va"]
[Black "Solovjov,S"]
[Result "1/2-1/2"]
[WhiteElo "2526"]
[BlackElo "2457"]
[EventDate "2002.07.26"]

1. Nf3 Nf6 2. g3 g6 3. Bg2 Bg7 4. c4 O-O 5. d4 d6 6. O-O c6 7. Nc3 Qa5 8.
e4 e5 9. d5 cxd5 10. cxd5 b5 11. Nd2 b4 12. Ncb1 Na6 13. Nb3 Qc7 14. a3 Bd7
15. Bg5 h6 16. Bd2 Rab8 17. Qc1 Rfc8 18. Qxc7 Rxc7 19. Rc1 bxa3 20. Rxa3
Rxc1+ 21. Bxc1 Nb4 22. N3d2 Rc8 23. Nc3 Nd3 24. Nb3 Nxc1 25. Nxc1 Rb8 26.
Nd3 Rb7 27. Bf3 h5 28. Ra6 Ne8 29. Bd1 f5 30. Ba4 Bxa4 31. Rxa4 Nf6 32. Rb4
Rb6 33. Rxb6 axb6 34. f3 Bh6 35. Kf2 Bd2 36. Nb5 fxe4 37. fxe4 Nxe4+ 38.
Kf3 Nf6 39. Nxd6 Nxd5 40. Nxe5 Kg7 41. Ne8+ Kf8 42. Ke4 Kxe8 43. Kxd5 g5
44. Nc4 Be1 45. Nxb6 g4 46. Ke6 h4 47. gxh4 Bxh4 48. Nd5 g3 49. hxg3 Bxg3
50. Nf6+ Kd8 51. Ne4 Bh2 52. Kd5 Kc7 53. Kc5 Kb7 54. Kb5 Bg1 55. b4 Be3 56.
Nd6+ Kc7 57. Nc4 Bg1 58. Ka6 Kb8 59. Nb6 Bf2 60. Nd5 Bg1 61. Ne7 Bf2 62.
Nf5 Bg1 1/2-1/2

[Event "4th Stage Russian Cup"]
[Site "Samara RUS"]
[Date "2002.08.01"]
[Round "7"]
[White "Shestoperov,A"]
[Black "Bezgodov,A"]
[Result "1/2-1/2"]
[WhiteElo "2458"]
[BlackElo "2518"]
[EventDate "2002.07.26"]

1. d4 d5 2. c4 c6 3. Nf3 Nf6 4. Nc3 a6 5. c5 g6 6. Bf4 Nh5 7. e3 Nxf4 8.
exf4 Qc7 9. Qd2 Bf5 10. Be2 Bg7 11. O-O O-O 12. Rfe1 Nd7 13. Bd3 Bxd3 14.
Qxd3 e6 15. g3 Rae8 16. Re2 f6 17. Rae1 e5 18. fxe5 fxe5 19. Nxe5 Bxe5 20.
f4 Bxd4+ 21. Qxd4 Nf6 22. Nd1 Rxe2 23. Rxe2 Re8 24. Rxe8+ Nxe8 25. Nf2
1/2-1/2

[Event "4th Stage Russian Cup"]
[Site "Samara RUS"]
[Date "2002.08.01"]
[Round "7"]
[White "Bocharov,D"]
[Black "Yandemirov,V"]
[Result "1-0"]
[WhiteElo "2475"]
[BlackElo "2502"]
[EventDate "2002.07.26"]

1. d4 Nf6 2. Nf3 g6 3. c4 Bg7 4. g3 O-O 5. Bg2 c6 6. Nc3 d5 7. cxd5 cxd5 8.
Ne5 e6 9. O-O Nfd7 10. f4 f6 11. Nf3 Nc6 12. Be3 f5 13. Ne5 Ndxe5 14. dxe5
Bd7 15. a3 Qe7 16. b4 Rfc8 17. Rc1 Nd8 18. Qb3 Bf8 19. Nb1 Qe8 20. Qb2 Bb5
21. Bf3 b6 22. Nd2 Qd7 23. g4 Rxc1 24. Rxc1 Rc8 25. gxf5 gxf5 26. Nb3 Bc4
27. Kh1 Kh8 28. Nd4 Nc6 29. Bf2 Nxd4 30. Qxd4 Bb5 31. Rg1 Be7 32. Qd1 Rg8
33. Rg3 Qc6 34. Bd4 Qc4 35. Qg1 Rxg3 36. hxg3 Qa2 37. Qe3 a5 38. g4 axb4
39. axb4 Qb1+ 40. Kh2 fxg4 41. Bxg4 Qg6 42. Bh3 Qh5 43. Qf3 Qh6 44. Bxb6
Bxb4 45. Bd8 Bd2 46. Bg5 Qg6 47. Bf6+ Kg8 48. Bxe6+ 1-0

[Event "4th Stage Russian Cup"]
[Site "Samara RUS"]
[Date "2002.08.01"]
[Round "7"]
[White "Grachev,B"]
[Black "Chuprov,D"]
[Result "1-0"]
[WhiteElo "2466"]
[BlackElo "2468"]
[EventDate "2002.07.26"]

1. d4 d6 2. c4 g6 3. g3 Bg7 4. Nc3 Nc6 5. d5 Nb8 6. Bg2 Nf6 7. Nf3 O-O 8.
O-O c6 9. h3 cxd5 10. cxd5 Na6 11. Be3 Bd7 12. Qd2 Qa5 13. a3 Rfc8 14. b4
Qd8 15. Nd4 Nc7 16. Rac1 Qe8 17. Nb3 Nb5 18. Nxb5 Bxb5 19. Na5 b6 20. Nc6
e6 21. Nd4 Nxd5 22. Bxd5 exd5 23. Nxb5 Qxb5 24. Rcd1 Re8 25. Qxd5 Qxe2 26.
Qxd6 Rac8 27. Rd2 Qh5 28. Qd7 Be5 29. Rd5 Qf5 30. Qxf5 gxf5 31. Kg2 Rc4 32.
Re1 Bc3 33. Rc1 Rec8 34. Rxf5 Bb2 35. Rd1 Bxa3 36. Rd7 R4c7 37. Rfxf7 Rxd7
38. Rxd7 Bxb4 39. Rxa7 Bc5 40. Bf4 Rd8 41. Rb7 Rd3 42. g4 Rb3 43. Be5 Bf8
44. f4 b5 45. f5 b4 46. f6 h6 47. f7+ Kh7 48. Rb8 Bc5 49. f8=Q Bxf8 50.
Rxf8 Re3 51. Bf4 1-0

[Event "4th Stage Russian Cup"]
[Site "Samara RUS"]
[Date "2002.08.01"]
[Round "7"]
[White "Ovetchkin,R"]
[Black "Frolyanov,D"]
[Result "1-0"]
[WhiteElo "2557"]
[BlackElo "2448"]
[EventDate "2002.07.26"]

1. e4 c5 2. Nf3 Nc6 3. Bb5 e6 4. Bxc6 bxc6 5. d3 Ne7 6. Qe2 f6 7. Nh4 g6 8.
f4 Bg7 9. Nf3 d5 10. c4 O-O 11. O-O e5 12. fxe5 fxe5 13. Nc3 Bg4 14. Kh1 h6
15. h3 Bxf3 16. Rxf3 Qd6 17. Na4 Rxf3 18. Qxf3 Rf8 19. Qe2 g5 20. Be3 d4
21. Bd2 Ng6 22. g3 Rf6 23. Rf1 Nf8 24. Kg2 Qe7 25. Rxf6 Bxf6 26. Qf3 Kg7
27. b3 Ne6 28. Kf2 Qf7 29. Ke2 Be7 30. Qf5 Bd6 31. Ke1 Qf6 32. a3 Nf8 33.
Kd1 Qxf5 34. exf5 Kf6 35. g4 e4 36. dxe4 Ke5 37. Ke2 Kxe4 38. Nb2 Nd7 39.
Nd3 Bg3 40. Ba5 Bd6 41. Bd8 Ne5 42. Nxe5 Kxe5 43. Kd3 Bf8 44. Bc7+ Kf6 45.
Ke4 Be7 46. Ba5 Bd6 47. Be1 Kf7 48. b4 a6 49. bxc5 Bxc5 50. a4 Kf6 51. Bf2
d3 52. Be1 Kf7 53. Kxd3 Bb6 54. Ke4 1-0

[Event "4th Stage Russian Cup"]
[Site "Samara RUS"]
[Date "2002.08.01"]
[Round "7"]
[White "Vulfson,V"]
[Black "Dyachkov,S"]
[Result "0-1"]
[WhiteElo "2412"]
[BlackElo "2549"]
[EventDate "2002.07.26"]

1. Nf3 Nf6 2. d4 d6 3. c4 g6 4. g3 Bg7 5. Nc3 O-O 6. Bg2 Nbd7 7. O-O e5 8.
e4 exd4 9. Nxd4 Nc5 10. f3 a5 11. Be3 Nfd7 12. f4 a4 13. Qc2 Nf6 14. h3 Re8
15. Bf2 c6 16. Rab1 Nh5 17. Rfd1 Qe7 18. Qd2 Nf6 19. Re1 Qc7 20. b4 axb3
21. axb3 Bd7 22. Nc2 Nh5 23. b4 Na4 24. Nxa4 Rxa4 25. Red1 Be6 26. Ne3 Ra3
27. Kh2 g5 28. f5 Bc8 29. Ng4 Nf6 30. Qxg5 Nxg4+ 31. Qxg4 Kh8 32. Bd4 Bxd4
33. Rxd4 Rg8 34. Qf4 Raxg3 35. Rb2 f6 36. Rxd6 Qg7 37. Rdd2 b6 38. Bf1 Rf3
39. Qg4 Qc7+ 0-1

[Event "4th Stage Russian Cup"]
[Site "Samara RUS"]
[Date "2002.08.01"]
[Round "7"]
[White "Yandarbiev,R"]
[Black "Makarov,M"]
[Result "1/2-1/2"]
[WhiteElo "2357"]
[BlackElo "2512"]
[EventDate "2002.07.26"]

1. e4 c5 2. Nf3 d6 3. d4 Nf6 4. Nc3 cxd4 5. Nxd4 a6 6. Be2 e5 7. Nb3 Be7 8.
O-O O-O 9. Kh1 b6 10. Nd5 Nxd5 11. Qxd5 Qc7 12. Qd3 Be6 13. Be3 Rc8 14.
Rac1 b5 15. Nd2 Nd7 16. c4 Nc5 17. Qa3 bxc4 18. Bxc4 Nxe4 19. b4 Qb7 20.
Bxe6 fxe6 21. Rxc8+ Rxc8 22. Nxe4 Qxe4 23. Qxa6 Ra8 24. Qb5 Kf7 25. a4 Qc2
26. a5 d5 27. Bc5 Qc4 28. Qxc4 dxc4 29. Bxe7 Kxe7 30. Rc1 Rc8 31. Kg1 c3
32. Kf1 Kd6 33. Ke2 Kd5 34. Kd3 e4+ 35. Kc2 Kc4 36. Re1 Kxb4 37. a6 Kb5 38.
Ra1 Kb6 39. a7 Kb7 40. Ra4 e3 41. fxe3 1/2-1/2

[Event "4th Stage Russian Cup"]
[Site "Samara RUS"]
[Date "2002.08.01"]
[Round "7"]
[White "Iskusnyh,S"]
[Black "Egorov,E"]
[Result "1-0"]
[WhiteElo "2485"]
[BlackElo "2444"]
[EventDate "2002.07.26"]

1. c4 g6 2. Nc3 Bg7 3. Nf3 d6 4. g3 e5 5. Bg2 Nc6 6. O-O Bg4 7. d3 Qd7 8.
Bd2 Nf6 9. Re1 O-O 10. Rb1 h6 11. b4 Bh3 12. Bh1 g5 13. c5 Nh7 14. cxd6
cxd6 15. Qa4 Be6 16. Rec1 f5 17. Be1 d5 18. b5 Ne7 19. d4 e4 20. Ne5 Bxe5
21. dxe5 Ng6 22. Qd4 Rfd8 23. b6 axb6 24. Rxb6 Nhf8 25. Rcb1 Qg7 26. Rxb7
Qxe5 27. R7b4 Bf7 28. Nb5 Rxa2 29. Qd1 Rc8 30. Nd4 Ne6 31. Nxe6 Bxe6 32. e3
f4 33. Qh5 Qg7 34. Rb7 Bf7 35. exf4 gxf4 36. Qf5 Rf8 37. Bb4 Rd8 38. Bc3 d4
39. Rb8 Rxb8 40. Rxb8+ Kh7 41. Bxd4 Ra1+ 42. Kg2 f3+ 43. Kh3 Ra5 44. Rh8+
Kxh8 45. Bxg7+ Kxg7 46. Qxa5 1-0

[Event "4th Stage Russian Cup"]
[Site "Samara RUS"]
[Date "2002.08.01"]
[Round "7"]
[White "Khairullin,I"]
[Black "Skatchkov,P"]
[Result "0-1"]
[WhiteElo "2329"]
[BlackElo "2485"]
[EventDate "2002.07.26"]

1. e4 e5 2. Nf3 d5 3. exd5 e4 4. Qe2 Nf6 5. d3 Qxd5 6. Nfd2 Nc6 7. Nc3 Qa5
8. Ndxe4 Be6 9. Bd2 O-O-O 10. Qd1 Nd4 11. Be2 Qb6 12. Rb1 Qc6 13. Bf3 Nxf3+
14. Qxf3 Nxe4 15. Qxe4 Bd5 16. Qg4+ Be6 17. Qe4 Qd7 18. O-O f5 19. Qe3 Kb8
20. Rfe1 Bf7 21. Qf3 h6 22. Bf4 g5 23. Be5 Rg8 24. a4 Rg6 25. b4 f4 26. a5
Bd6 27. d4 Be6 28. b5 Bg4 29. Qd5 Be6 30. Qf3 Bg4 31. Qd5 Qc8 32. a6 b6 33.
f3 Bxe5 34. Qxe5 Re6 35. fxg4 Rxe5 36. dxe5 Qxg4 37. Rbd1 Re8 38. e6 Kc8
39. e7 f3 40. Rd2 Qb4 41. Red1 Qxe7 42. Nd5 Qc5+ 43. Kh1 f2 0-1

[Event "4th Stage Russian Cup"]
[Site "Samara RUS"]
[Date "2002.08.01"]
[Round "7"]
[White "Abrashkin,B"]
[Black "Kostenko,P"]
[Result "0-1"]
[WhiteElo "2379"]
[BlackElo "2482"]
[EventDate "2002.07.26"]

1. d4 e6 2. c4 c5 3. d5 exd5 4. cxd5 d6 5. Nc3 g6 6. Nf3 Bg7 7. Bf4 Nf6 8.
Qa4+ Bd7 9. Qb3 Qc7 10. e4 O-O 11. Be2 b5 12. Bxb5 Nxe4 13. Nxe4 Qa5+ 14.
Bd2 Qxb5 15. Qxb5 Bxb5 16. Nxd6 Ba6 17. O-O-O Nd7 18. Bc3 Bxc3 19. bxc3
Rfb8 20. Rhe1 Rb6 21. Re8+ Rxe8 22. Nxe8 Bc4 23. Rd2 Kf8 24. Nc7 Ke7 25. a4
Rb3 26. d6+ Kd8 27. Rc2 Ra3 28. Nd2 Bd3 29. Kb2 Rxa4 30. Rc1 Nb6 31. Re1
Nc4+ 32. Nxc4 Bxc4 33. Re7 Ra2+ 34. Kc1 Rxf2 35. Re4 Bd3 36. Re7 Rf6 37.
Ne8 Rxd6 38. Re3 Re6 39. Rxd3+ Kxe8 0-1

[Event "4th Stage Russian Cup"]
[Site "Samara RUS"]
[Date "2002.08.01"]
[Round "7"]
[White "Pridorozhni,A"]
[Black "Karpeshov,O"]
[Result "0-1"]
[WhiteElo "2453"]
[BlackElo "2408"]
[EventDate "2002.07.26"]

1. e4 c5 2. Nf3 d6 3. d4 cxd4 4. Nxd4 Nf6 5. Nc3 Nc6 6. f3 Qb6 7. Ndb5 a6
8. Na3 Qc7 9. Nd5 Nxd5 10. exd5 Ne5 11. f4 Ng4 12. Be2 Nf6 13. c4 g6 14.
Nc2 Bg7 15. Be3 O-O 16. O-O e6 17. Bf3 Qxc4 18. dxe6 Bxe6 19. Bxb7 Bg4 20.
Na3 Qe6 21. Qb3 Rab8 22. Qxe6 Bxe6 23. Bxa6 Ng4 24. Ba7 Rxb2 25. Nc4 Ra8
26. Nxb2 Rxa7 27. Bc4 d5 28. Bb3 Bxb2 29. Rab1 Bd4+ 30. Kh1 Nf2+ 31. Kg1
Ne4+ 0-1

[Event "4th Stage Russian Cup"]
[Site "Samara RUS"]
[Date "2002.08.01"]
[Round "7"]
[White "Matveeva,S"]
[Black "Sidorov,A"]
[Result "1-0"]
[WhiteElo "2448"]
[BlackElo "2384"]
[EventDate "2002.07.26"]

1. d4 d5 2. c4 c6 3. Nc3 Nf6 4. Nf3 e6 5. Bg5 Nbd7 6. e3 Be7 7. Qc2 a6 8.
a3 O-O 9. Bd3 h6 10. Bh4 dxc4 11. Bxc4 b5 12. Ba2 Bb7 13. Rd1 Re8 14. O-O
Qb6 15. e4 b4 16. Na4 Qa7 17. e5 Nd5 18. Bxe7 Rxe7 19. Bb1 g6 20. axb4 a5
21. bxa5 Qxa5 22. Nc5 Ba6 23. Rfe1 Rb8 24. h4 Nf8 25. Nd2 Rb4 26. Qc1 Kg7
27. Nde4 Ra7 28. Nd6 Ra8 29. Be4 Qd8 30. Qd2 Rbb8 31. Ra1 Bb5 32. Bxd5 exd5
33. Qf4 Qe7 34. Qg4 Kh7 35. h5 Rxa1 36. Rxa1 Bc4 37. b3 Bb5 38. Ra3 Rd8 39.
Qf4 Kg7 40. b4 Be2 41. Rh3 1-0

[Event "4th Stage Russian Cup"]
[Site "Samara RUS"]
[Date "2002.08.01"]
[Round "7"]
[White "Tishin,P"]
[Black "Iliushkin,E"]
[Result "1-0"]
[WhiteElo "2513"]
[BlackElo "2292"]
[EventDate "2002.07.26"]

1. e4 c5 2. Nc3 e6 3. Nge2 d6 4. d4 cxd4 5. Nxd4 Nc6 6. Be2 Be7 7. O-O Nf6
8. Kh1 O-O 9. f4 a6 10. Be3 Bd7 11. Qe1 Nxd4 12. Bxd4 Bc6 13. Qg3 b5 14. a3
Qd7 15. Rae1 a5 16. Bxf6 Bxf6 17. e5 Be7 18. Bd3 g6 19. f5 exf5 20. Bxf5
Qb7 21. exd6 Bxd6 22. Qxd6 Bxg2+ 23. Kg1 Rad8 24. Qg3 Bxf1 25. Rxf1 Rd4 26.
Ne2 Rd5 27. Be4 Qb6+ 28. Qf2 Rg5+ 29. Kh1 Qe6 30. Bd3 Re8 31. Ng3 h5 32.
Qf4 Re5 33. Kg1 Qe7 34. Qf6 Qa7+ 35. Rf2 R8e6 36. Qf4 Qe7 37. h4 Re1+ 38.
Kh2 Qb7 39. Bxb5 R6e3 40. Bc6 Qa7 41. Nxh5 R3e2 42. Nf6+ Kg7 43. Ng4 Rxf2+
44. Qxf2 Qxf2+ 45. Nxf2 Re2 46. Kg2 Rxc2 47. Be4 1-0

[Event "4th Stage Russian Cup"]
[Site "Samara RUS"]
[Date "2002.08.01"]
[Round "7"]
[White "Kurenkov,N"]
[Black "Azarov,S"]
[Result "1/2-1/2"]
[WhiteElo "2381"]
[BlackElo "2532"]
[EventDate "2002.07.26"]

1. e4 e5 2. f4 Bc5 3. Nf3 d6 4. Nc3 Nf6 5. Bc4 Nc6 6. d3 a6 7. f5 Na5 8.
Qe2 Nxc4 9. dxc4 Bb4 10. Bd2 Bxc3 11. Bxc3 b6 12. O-O-O Qe7 13. Be1 Bb7 14.
Bh4 O-O-O 15. Nd2 h6 16. Rhf1 Rdf8 17. Qf3 Qe8 18. Bxf6 gxf6 19. Rfe1 Rfg8
20. b3 h5 21. Nf1 Qf8 22. Rd2 Qh6 23. Kb2 h4 24. h3 Rg7 25. a4 a5 26. Ree2
Qf4 27. Qxf4 exf4 28. Kc3 Re8 29. Kd4 Re5 30. Nh2 Rg3 31. Nf3 Kd7 32. Rd1
Kd8 33. Rde1 Re8 34. Rf2 1/2-1/2

[Event "4th Stage Russian Cup"]
[Site "Samara RUS"]
[Date "2002.08.01"]
[Round "7"]
[White "Kovalevskaya,E"]
[Black "Melkozerov,D"]
[Result "1-0"]
[WhiteElo "2486"]
[BlackElo "2364"]
[EventDate "2002.07.26"]

1. e4 c5 2. Nc3 d6 3. f4 Nf6 4. Nf3 Nc6 5. Bb5 Bd7 6. O-O g6 7. d3 Bg7 8.
e5 dxe5 9. Nxe5 Qc7 10. Nxd7 Qxd7 11. Qf3 Rc8 12. Ne4 Nxe4 13. dxe4 a6 14.
Bxc6 Qxc6 15. c3 O-O 16. f5 Rcd8 17. Bg5 Bf6 18. Bxf6 Qxf6 19. Qg3 c4 20.
e5 Qb6+ 21. Kh1 Kh8 22. Qh4 Qc5 23. Rae1 Rde8 24. Rf3 Qd5 25. Rh3 h5 26.
Qg5 Kh7 27. Rxh5+ gxh5 28. Qxh5+ Kg8 29. Qg4+ Kh7 30. Re3 Qd3 31. Rh3+ Qxh3
32. Qxh3+ Kg7 33. Qg4+ Kh7 34. h3 f6 35. e6 Rc8 36. Qh4+ Kg7 37. Qe4 Rc6
38. Qd4 Rfc8 39. Qg4+ Kh7 40. Qh5+ 1-0

[Event "4th Stage Russian Cup"]
[Site "Samara RUS"]
[Date "2002.08.01"]
[Round "7"]
[White "Kraev,A"]
[Black "Kuporosov,V"]
[Result "1/2-1/2"]
[WhiteElo "2330"]
[BlackElo "2486"]
[EventDate "2002.07.26"]

1. Nf3 Nf6 2. d4 d5 3. c4 c6 4. Nc3 dxc4 5. a4 Na6 6. e4 Bg4 7. Bxc4 Bxf3
8. gxf3 e6 9. d5 exd5 10. exd5 Nb4 11. Bg5 Be7 12. Bxf6 Bxf6 13. Qe2+ Qe7
14. Qxe7+ Kxe7 15. O-O-O Rhd8 16. Rhe1+ 1/2-1/2

[Event "4th Stage Russian Cup"]
[Site "Samara RUS"]
[Date "2002.08.01"]
[Round "7"]
[White "Kniazev,A"]
[Black "Zakharevich,I"]
[Result "0-1"]
[WhiteElo "2286"]
[BlackElo "2463"]
[EventDate "2002.07.26"]

1. e4 g6 2. d4 Bg7 3. Nc3 d6 4. Be3 Nf6 5. Qd2 c6 6. Nf3 Qc7 7. Bh6 O-O 8.
Bd3 e5 9. Bxg7 Kxg7 10. dxe5 dxe5 11. O-O-O Bg4 12. Qe3 Nbd7 13. h3 Bxf3
14. Qxf3 Nc5 15. g4 Rad8 16. Ne2 Qa5 17. Kb1 Rd7 18. Qe3 Rfd8 19. Ng3 h6
20. Rhg1 Na4 21. c3 Qc5 22. Rge1 Qxe3 23. Rxe3 Nc5 24. Kc2 Ne6 25. Be2 Rxd1
26. Bxd1 Nf4 27. Nf1 Ng2 28. Re2 Nf4 29. Re3 h5 30. Bf3 h4 31. g5 Nh7 32.
Bg4 Nxg5 0-1

[Event "4th Stage Russian Cup"]
[Site "Samara RUS"]
[Date "2002.08.01"]
[Round "7"]
[White "Kim,Se"]
[Black "Frolov,D"]
[Result "1/2-1/2"]
[WhiteElo "2268"]
[BlackElo "2459"]
[EventDate "2002.07.26"]

1. e4 e5 2. Nf3 Nf6 3. Nc3 Nc6 4. Bb5 Bc5 5. O-O O-O 6. d3 Re8 7. Bg5 h6 8.
Bxf6 Qxf6 9. Nd5 Qd8 10. c3 a6 11. Ba4 Ba7 12. Ne3 d6 13. h3 Bd7 14. Bb3
Be6 15. Qe2 Nb8 16. Kh1 Nd7 17. Nh2 Qg5 18. Nd5 Rac8 19. Ne3 Nf8 20. Bxe6
fxe6 21. Rae1 Re7 22. g3 Rf7 23. Qg4 Qxg4 24. Nhxg4 Ng6 25. Kg2 Rcf8 26.
Nh2 Ne7 27. Re2 g5 28. Nc4 Kg7 29. Ng4 Nc6 30. Nge3 b5 31. Nd2 a5 32. Nb3
a4 33. Nd2 b4 34. a3 bxc3 35. bxc3 Bc5 36. Nc2 Rb8 37. Nb4 Bxb4 38. axb4
Na7 39. Nc4 Nb5 40. Rc1 a3 1/2-1/2